|
|
|
|
| LEADER |
00000nam a2200000 a 4500 |
| 001 |
vtls001486727 |
| 003 |
SK-MaSNL |
| 005 |
20260302073747.0 |
| 008 |
240314s2004 xo a 0 hun |
| 015 |
|
|
|a SNBA2006/01-00415
|
| 020 |
|
|
|a 8071625051
|q (brož.)
|
| 035 |
|
|
|a SNK000442019
|
| 040 |
|
|
|a SNK
|b slo
|c SNK
|e AACR2
|
| 041 |
1 |
|
|a hun
|h slo
|
| 044 |
|
|
|a xo
|c SK
|
| 072 |
|
7 |
|a 27
|x Kresťanstvo. Kresťanská cirkev všeobecne. Ekleziológia
|2 konspekt
|
| 080 |
|
|
|a 37.016:272
|x (075.2)
|2 2001
|
| 080 |
|
|
|a (075.2)
|2 1981
|
| 080 |
|
|
|a 796.322
|2 1981
|
| 100 |
1 |
|
|a Balážová, Daniela
|4 aut
|9 7393
|
| 245 |
1 |
0 |
|a Jézussal együtt
|b római katolikus hittankönyv az alapiskolák első osztálya számára
|c [szerző: Daniela Balážová ; fordította: Bogár Imre ; illusztrálta Ľudovít Bebjek ... [et al.]]
|
| 250 |
|
|
|a 2. kiad.
|
| 260 |
|
|
|a Trnava
|b Spolok svätého Vojtecha
|c 2004
|
| 300 |
|
|
|a 96 s.
|b fareb. ilustr.
|c 17x24 cm
|
| 500 |
|
|
|a Fareb. ilustr. na tit. strane
|
| 650 |
0 |
7 |
|a rímskokatolícke náboženstvo
|2 SNK
|9 67017
|
| 655 |
|
7 |
|a učebnice základných škôl
|2 SNK
|9 70187
|
| 700 |
1 |
|
|a Bogár, Imre
|4 trl
|9 11285
|
| 700 |
1 |
|
|a Bebjak, Ľudovít,
|d 1934-2009
|4 ill
|9 89811
|
| 919 |
|
|
|a 80-7162-505-1
|
| 958 |
|
|
|a OP
|
| 958 |
|
|
|a HU
|
| 958 |
|
|
|a NT
|
| 968 |
|
|
|a Mag
|b SLO
|d 2
|
| 999 |
|
|
|c 1162243
|d 1164173
|
| 952 |
|
|
|t P60, <03>, [BOOK], {603}, -B-
|a SNK
|b SNK
|y PREZ
|7 0
|p 17A0453101
|o snkSD 74404
|i snkKSP 15560/2004
|0 0
|1 0
|4 0
|d 2004-12-08
|l 0
|r 2025-11-21 00:00:00
|w 2026-02-24
|
| 952 |
|
|
|t P60, <04>, [BOOK], {604}
|a SNK
|b SNK
|y VYP
|7 0
|p 17A0453100
|o snkSD 74404 D1
|i snkKSP 15561/2004
|0 0
|1 0
|4 0
|d 2004-12-08
|l 0
|r 2005-01-02 00:00:00
|w 2026-02-24
|